Países que começam com as letras "D", "E" e "F" - Statistics

Estatísticas Gerais
  • Esse quiz foi jogado 1 399 vezes
  • A pontuação média é 15 de 19
Estatísticas das Respostas
Países % Correto
DINAMARCA
98%
FINLÂNDIA
93%
ESTÔNIA
90%
ESPANHA
87%
ESLOVÁQUIA
84%
ESLOVÊNIA
84%
FRANÇA
83%
ESTADOS UNIDOS
80%
ETIÓPIA
78%
DJIBOUTI
75%
EQUADOR
75%
FILIPINAS
74%
ERITREIA
73%
FIJI
73%
DOMINICA
72%
EMIRADOS ÁRABES UNIDOS
72%
EL SALVADOR
67%
EGITO
64%
ESCÓCIA
43%
Nenhum quiz correspondente encontrado
Distribuição das Pontuações
Porcentagem de Pessoas com Cada Pontuação
Percentil de Números Respondidos
Sua Pontuação Histórica
Você não jogou esse quiz